Philippine History Quiz - Statistics

General Stats
  • This quiz has been taken 90 times
  • The average score is 8 of 10
Answer Stats
Question Answer % Correct
Why was Rizal killed by a firing squad? Because of his books, El Filibusterismo and Noli Me Tangere
98%
Who was the first lady known for having a lot of pairs of shoes? Imelda Marcos
95%
Where did the “People Power Revolution” occur in February 1986? EDSA (Epifanio de los Santos Avenue)
94%
Who is considered the toughest opponent of Ferdinand Marcos Sr. in politics? Benigno Aquino Jr.
90%
Why was former Philippine president Gloria Macapagal Arroyo arrested? Due to allegedly misusing state funds and plunder
88%
Where did the assassination of Benigno Aquino Jr. took place? Manila International Airport
85%
Who was the first president of the Philippines that has undergone an impeachment trial and the only president to resign from office? Joseph “Erap” Estrada
77%
What is nepotism? The act of granting an advantage, privilege, or position to relatives in an occupation or field.
63%
What is the original name of the national anthem of the Philippines, Lupang Hinirang? Marcha Nacional Filipina
59%
What is the slogan of the late Philippine president Diosdado P. Macapagal? “Walang bagay na imposible kapag ginustong mangyari” (Nothing is impossible when you want it to happen.)
26%
No matching quizzes found
Score Distribution
Percent of People with Each Score
Percentile by Number Answered
Your Score History
You have not taken this quiz